00541 2200217 4500001002100000005001500021035002000036007000300056008004100059020002200100082000800122084001400130100001400144245003300158250001100191260003900202300002700241500002200268600002000290990001300310INLIS00000000000010020221116013318 a0010-1122000100ta221116 g f ind  a978-979-22-3030-7 a813 a813 ILA a0 aIlana Tan1 aAutumn in Paris /cIlana Tan acek 22 aJakarta :bGramedia Pustaka,c2013 a265 hlm. ;c20 x 14 cm aBiografi hlm. 265 4aFiksi Indonesia a03540354